000 00727nam a2200265Ia 4500
003 OSt
005 20221006160157.0
006 a|||||r|||| 00| 0
007 ta
008 221006b |||||||| |||| 00| 0 eng d
020 _a9780720613599
_c
_13.95
024 _a44,521
037 _bGift, Koren Embassy
_cTextual
040 _aEASL
_cEASL
_beng
041 _2eng
_aeng
082 _aO495,3N39, Q1
100 _aYi Chung-jun
_9672223
245 0 _aSeopyeonje
_b The southerner's songs
260 _aLondon
_bPeter Owen Korea
_c2011
300 _a170p.
_ccm.
490 _v KEL
650 _aKEL
942 _hO495,3N39, Q1
_cTEXL
_2CC
999 _c1112613
_d1112613